000 00438nam a22001817a 4500
003 MPLRDC
005 20220104144357.0
008 210129b ||||| |||| 00| 0 eng d
020 _a7-5422-0236-7
082 _a175.8 LJFX c.3
100 _a平井富雄
245 _a自我催眠术
_c李淳译
250 _a初版
260 _a
_b蓝天书屋
_c1989
300 _b
650 _a催眠术; 暗示
942 _cBK
_o175.8 LJFX c.3
999 _c49022
_d49012